|
|
|
|
| LEADER |
01185nam a2200277 u 4500 |
| 001 |
10027163 |
| 003 |
upatras |
| 005 |
20210117210000.0 |
| 008 |
960301s1990 si eng |
| 020 |
|
|
|a 9810201303
|
| 040 |
|
|
|a GR-PaULI
|c GR-PaULI
|
| 041 |
0 |
|
|a eng
|
| 245 |
1 |
0 |
|a Solitons and applications
|b proceedings...[of] IVth International Workshop, 24-26 August 1989, Dubna, USSR
|c editors: V. G. Makhankov, V. K. Fedyanin, O. K. Pashaev
|
| 260 |
|
|
|a Singapore
|b World Scientific
|c 1990
|
| 300 |
|
|
|a xv, 436 p.
|b fig.
|c 23 cm.
|
| 500 |
|
|
|a Dedicated to Academician N. N. Bogolubov on the occasion of his 80-th birthday
|
| 504 |
|
|
|a Includes references
|
| 650 |
|
4 |
|a Δυναμικά συστήματα
|9 394
|
| 700 |
1 |
|
|a Fedyanin, V. K.
|4 edt
|9 152990
|
| 700 |
1 |
|
|a Makhankov, V. G.
|4 edt
|9 152991
|
| 700 |
1 |
|
|a Pashaev, O. K.
|4 edt
|9 152992
|
| 852 |
|
|
|a GR-PaULI
|b ΠΑΤΡΑ
|b ΦΥΣΙΚΟ
|k ΑΕΧ-1
|h 531.3 MAK
|m 04580
|p 025000018555
|t 1
|
| 942 |
|
|
|2 ddc
|c BK15
|
| 952 |
|
|
|0 0
|1 0
|4 0
|6 531_300000000000000_MAK
|7 0
|9 197571
|a PHYS
|b PHYS
|d 2016-04-24
|i 04580
|l 0
|o 531.3 MAK
|p 025000018555
|r 2016-04-24 00:00:00
|t 1
|w 2016-04-24
|y BK15
|
| 998 |
|
|
|c ΔΡΑΚΟΠΟΥΛΟΥ
|d 2004-03
|
| 999 |
|
|
|c 121354
|d 121354
|